000 00804nam a22002177a 4500
005 20160330145058.0
010 _a1516ENO7 ENG-114524
020 _a9789350716267
_c1400.00
035 _aEN-98056
035 _aB-606910-920
037 _aDPL
_bVariaty/Ven
037 _bDBAD/PUB
082 _a657.0954
100 _aChatterjee, B.D.
245 _aTaxmann's illustrated guide to Indian accounting standards :
_cby B.D.Chatterjee
_blnd ASs /
260 _aNew Delhi
_bTaxmann Publications
_c2015
270 _a59/32, New Rohtak Road
_bNew Delhi
_e110005
300 _aI-148,826p.
_c25cm(Hb)
942 _2ddc
_cEN
_mCHA
_h657.0954
999 _c96342
_d96342